Elektronická komunikácia daňového subjektu so správcom dane od 1. 1. 2018 a od 1. 7. 2018
Elektronickou komunikáciou sa rozumie doručovanie podaní správcovi dane elektronicky prostredníctvom elektronickej podateľne, ktorú prevádzkuje finančné riaditeľstvo na svojom webovom sídle. Upravuje ju zákon č. 563/2009 Z.z. o správe daní - daňový poriadok. Ilustračné príklady.
Salvato in:
| Autore principale: | |
|---|---|
| Natura: | Capitolo di libro |
| Lingua: | slovacco |
| Soggetti: | |
| Tags: |
Nessun Tag, puoi essere il primo ad aggiungerne!!
|
MARC
| LEADER | 00000naa a2200000 4500 | ||
|---|---|---|---|
| 001 | 0242010 | ||
| 005 | 20180413130019.1 | ||
| 041 | 0 | |a slo | |
| 044 | |a SK | ||
| 245 | 1 | 0 | |a Elektronická komunikácia daňového subjektu so správcom dane od 1. 1. 2018 a od 1. 7. 2018 |c Božena Jurčíková |
| 520 | |a Elektronickou komunikáciou sa rozumie doručovanie podaní správcovi dane elektronicky prostredníctvom elektronickej podateľne, ktorú prevádzkuje finančné riaditeľstvo na svojom webovom sídle. Upravuje ju zákon č. 563/2009 Z.z. o správe daní - daňový poriadok. Ilustračné príklady. | ||
| 610 | 2 | 0 | |a poriadok daňový |
| 610 | 2 | 0 | |a komunikácia elektronická |
| 610 | 2 | 0 | |a správa daňová |
| 610 | 2 | 0 | |a priznania daňové |
| 100 | 1 | |a Jurčíková, Božena | |